000
00286nam a2200121Ia 4500
008
240731s9999 xx 000 0 und d
022
_a
2204-0536
245
0
_a
Rural Society
260
_b
Routledge
856
_u
https://www.tandfonline.com/loi/rrso20
942
_2
ddc
942
_c
TFEJ
999
_c
79277
_d
79277
945
_a
1
_b
Madushi Gamage
_c
1
_d
Madushi Gamage